000 01249njm a2200277Ia 4500
001 25814
003 IT-RoPAU
005 20220918181126.0
008 131025s9999 xx 000 0 und d
040 _aIT-RoPAU
040 _cIT-RoPAU
999 _c100191
_d100191
999 _bSI
100 _aAnonimo
_9883
100 _eAutore musica
_914432
100 _gCodice autore musica SPICS: 2620
_9885
245 _aMusica popolare ungherese
250 _a1a ed.
260 _aITALIA
260 _bALBATROS
_c1982 [1a Ed.:1982 - Ed. Lingua Orig.: 1982]
300 _aDISCO
300 _c38 minuti (Testo: pag.)
500 _aMusica popolare ungherese folk music. Ungheria
505 _aMivel Ma Besetedett - Rakoci Kocsmabo Ket Karajcar A Bor - Bathory Andras Historiaja - Rakoczi Bucsu Ja - Pajjafutasomnak Vegen - Menyecske - Hej, Bura, Bura, Bubanotra Szulettem - Erik Mar A Buza, Sargul A Lalasza - Sokat Arattam A Nyaron - Ej, De Csillag, Csillag - Isten Veled, Menesi Salenda - Janos Batyam, Elore, Elore - Mindig Banom, Hogy Meghazasodtam - Jaj De Saros, Jaj De Roges Ez Az Ut - Sej, Haj, Nincsen Rozsa - Sbeteg Vagyok S A Szerelem Betegje - Erdo, Erdo, De Magos A Teteje
650 _aFOLK [DISCHI]
_eCodice MATERIA SPICS: 9950
_91209
942 _cMD
_2ddc